Statistics for 17 (XXXTentation Album)

Click here to take the quiz!

General Stats

  • This quiz has been taken 18 times
  • The average score is 8 of 11

Answer Stats

No.Song% Correct
10Orlando
91%
2Jocelyn Flores
82%
4Everybody Dies In Their Nightmares
82%
8Fuck Love (ft. Trippie Redd)
82%
5Revenge
73%
6Save Me
73%
9Carry On
73%
1The Explanation
64%
3Depression & Obsession
64%
11Ayala (Outro)
64%
7Dead Inside (Interlude)
55%

Score Distribution

Percentile by Number Answered

Percent of People with Each Score

Your Score History

You have not taken this quiz